Countries That Mine The Most Copper - Statistics

General Stats
  • This quiz has been taken 38 times
  • The average score is 8 of 10
Answer Stats
×1000 Tons Answer % Correct
930 Russia
100%
1,100 United States
100%
1,800 China
97%
800 Australia
92%
5,300 Chile
92%
700 Mexico
81%
2,600 Peru
76%
3,300 Democratic Republic Of The Congo
73%
1,100 Indonesia
65%
740 Kazakhstan
57%
No matching quizzes found
Score Distribution
Percent of People with Each Score
Percentile by Number Answered
Your Score History
You have not taken this quiz